| 000 | 02182nam a2200373 i 4500 | ||
|---|---|---|---|
| 001 | 000000498 | ||
| 003 | DO-SdBNP | ||
| 005 | 20260323145454.0 | ||
| 007 | ta | ||
| 008 | 081031s2007 dr a 000 0 spa d | ||
| 020 | _a9789945161434 | ||
| 020 | _a9945161431 | ||
| 040 |
_aDO-SdBNP _bspa _cBNPHU _erda |
||
| 041 | _aspa | ||
| 082 | 4 |
_a302.23 _bM559r _222 |
|
| 100 | 1 |
_aMerejo, Andrés, _eautor _4aut. _9469 |
|
| 245 | 1 | 3 |
_aLa República Dominicana en el ciberespacio de la internet : _bensayo filosófico cibercultural y cibersocial (1995-2007) / _cAndrés Merejo ; edición Diógenes Céspedes |
| 250 | _aprimera edición | ||
| 264 | 1 |
_aSanto Domingo : _bBúho, _c2007. |
|
| 300 |
_a125 páginas : _bilustraciones ; _c21 cm. |
||
| 336 |
_atexto _btxt _2rdacontent |
||
| 337 |
_asin mediación _bn _2rdamedia |
||
| 338 |
_avolumen _bnc _2rdacarrier |
||
| 504 | _aBibliografia: páginas 118-122 | ||
| 505 | 0 | _aIntroducción -- Filosofía ciberespacial -- Punto de partida -- Entre redes -- Fundamentos filosóficos del ciberespacio -- Distinción entre la internet y el ciberespacio -- Delimitación filosófica entre lo real y lo virtual -- Punto de llegada -- Filosofando sobre el ciberespacio -- Viajero del ciberespacio -- Heráclito en el desequilibrio ciberespacial -- Nietzsche entre la ciencia y el ciberespacio -- El ciberespacio de internet en la República Dominicana -- Antecedentes históricos -- Llegada del ciberespacio de la internet -- Cibercultura dominicana -- La Generación net dominicana -- La generación net y su pasión por las imágenes -- Cibernauta a la dominicana -- Ciberpolítica en la sociedad dominicana -- Discurso ciberpolítico de Leonel Fernández -- Educación a distancia y el ciberespacio de la internet en el sistema educativo público -- Conclusión -- Bibliografía -- Anexos. | |
| 590 | _aInventariado, 2018/VM | ||
| 650 | 4 |
_aComunicación _xAspectos sociales _91659 |
|
| 650 | 7 |
_aTecnología de la información _2LIBRUNAM _988970 |
|
| 650 | 7 |
_aCambio social _2LIBRUNAM _91661 |
|
| 650 | 4 |
_aInternet _9105 |
|
| 700 |
_aCéspedes, Diógenes, _eeditor _4ed. _986158 |
||
| 910 | _aValidado. Control de calidad MFF | ||
| 942 |
_2ddc _cLBS1 |
||
| 999 |
_c496 _d496 |
||